Ducs de Normandie - Statistiques

Statistiques générales
  • Ce quiz a été pris 99 fois
  • Le résultat moyen est 6 sur 8
Statistiques - réponses
Nom % Correct
Guillaume
100%
Henri
85%
Jean
85%
Richard
81%
Rollon
74%
Robert
71%
Etienne
54%
Geoffroy
44%
Aucun quiz correspondant
Distribution des résultats
% des personnes avec chaque résultat
Percentile par nombre de réponses
Votre historique - résultats
Vous n’avez pas pris ce quiz